[Event "DEM U16 2018"]
[Site "Willingen GER"]
[Date "2018.05.24"]
[Round "7"]
[White "Biastoch, Bennet"]
[Black "Roseneck, Jonas"]
[Result "0-1"]
[Termination "normal"]
[Board "7"]
[WhiteElo "2173"]
[BlackElo "2183"]
[WhiteClock "00:29:22"]
[BlackClock "00:28:13"]
[PlyCount "128"]
[WhiteFideId "12939889"]
[BlackFideId "12939870"]
[EventCountry "GER"]
[EventRounds "9"]
[EventType "swiss"]
[EventDate "2018.05.19"]

1. e4 {[%clk 1:30:57]} 1... e5 {[%clk 1:30:51]} 2. Nf3 {[%clk 1:31:15]} 2...
Nc6 {[%clk 1:31:16]} 3. Bc4 {[%clk 1:31:32]} 3... Nf6 {[%clk 1:31:42]} 4. d3 {
[%clk 1:31:53]} 4... Be7 {[%clk 1:32:08]} 5. O-O {[%clk 1:29:31]} 5... O-O {
[%clk 1:32:04]} 6. Nc3 {[%clk 1:23:14]} 6... d6 {[%clk 1:31:43]} 7. h3 { [%clk
1:22:28]} 7... Na5 {[%clk 1:31:42]} 8. Bb5 {[%clk 1:21:39]} 8... a6 { [%clk
1:28:43]} 9. Ba4 {[%clk 1:21:41]} 9... b5 {[%clk 1:29:12]} 10. Bb3 { [%clk
1:22:02]} 10... Nxb3 {[%clk 1:24:47]} 11. axb3 {[%clk 1:22:24]} 11... Bb7
{[%clk 1:25:03]} 12. Re1 {[%clk 1:17:12]} 12... Re8 {[%clk 1:15:54]} 13. Bg5 {
[%clk 1:04:19]} 13... Qd7 {[%clk 1:02:17]} 14. Ne2 {[%clk 0:57:43]} 14... Nh5 {
[%clk 0:58:03]} 15. Bxe7 {[%clk 0:48:29]} 15... Qxe7 {[%clk 0:55:47]} 16. g4 {
[%clk 0:45:33]} 16... Nf6 {[%clk 0:54:24]} 17. Ng3 {[%clk 0:45:31]} 17... g6 {
[%clk 0:54:53]} 18. Qd2 {[%clk 0:44:17]} 18... Nd7 {[%clk 0:49:02]} 19. Qe3 {
[%clk 0:30:12]} 19... Nf8 {[%clk 0:34:13]} 20. d4 {[%clk 0:25:57]} 20... exd4 {
[%clk 0:34:24]} 21. Nxd4 {[%clk 0:26:12]} 21... Ne6 {[%clk 0:34:42]} 22. Nxe6 {
[%clk 0:21:44]} 22... Qxe6 {[%clk 0:32:41]} 23. Kh2 {[%clk 0:19:13]} 23... Qf6
{[%clk 0:20:27]} 24. c3 {[%clk 0:17:36]} 24... Re7 {[%clk 0:20:07]} 25. Qd4 {
[%clk 0:15:10]} 25... Qf4 {[%clk 0:17:50]} 26. Re2 {[%clk 0:12:19]} 26... Rae8
{[%clk 0:15:05]} 27. Qe3 {[%clk 0:11:28]} 27... Qxe3 {[%clk 0:13:45]} 28. Rxe3
{[%clk 0:11:53]} 28... d5 {[%clk 0:14:12]} 29. exd5 {[%clk 0:10:28]} 29... Rxe3
{[%clk 0:14:37]} 30. fxe3 {[%clk 0:10:53]} 30... Bxd5 31. Rxa6 {[%clk 0:10:00]}
31... Rxe3 {[%clk 0:15:22]} 32. c4 {[%clk 0:09:53]} 32... Bf3 {[%clk 0:14:42]}
33. Nf1 {[%clk 0:06:28]} 33... Rxb3 {[%clk 0:13:49]} 34. cxb5 {[%clk 0:06:37]}
34... Rxb2+ {[%clk 0:10:32]} 35. Kg3 {[%clk 0:06:49]} 35... Be2 {[%clk 0:10:57]
} 36. Ne3 {[%clk 0:06:37]} 36... Bxb5 {[%clk 0:07:30]} 37. Ra8+ {[%clk 0:07:01]
} 37... Kg7 {[%clk 0:07:59]} 38. g5 {[%clk 0:06:52]} 38... h6 {[%clk 0:06:41]}
39. gxh6+ {[%clk 0:06:55]} 39... Kxh6 {[%clk 0:07:08]} 40. Ra7 {[%clk 0:07:19]}
40... Rb3 {[%clk 0:07:36]} 41. Kf4 {[%clk 0:05:27]} 41... g5+ {[%clk 0:04:56]}
42. Ke4 {[%clk 0:04:30]} 42... Bc6+ {[%clk 0:05:16]} 43. Kd4 {[%clk 0:04:54]}
43... Bb7 {[%clk 0:05:35]} 44. Nc4 {[%clk 0:04:13]} 44... Bg2 {[%clk 0:02:04]}
45. Rxc7 {[%clk 0:04:29]} 45... f6 {[%clk 0:02:23]} 46. Ne3 {[%clk 0:29:30]}
46... Bxh3 {[%clk 0:32:24]} 47. Nd5 {[%clk 0:29:48]} 47... Rf3 {[%clk 0:28:58]}
48. Ke4 {[%clk 0:29:24]} 48... Bg2 {[%clk 0:27:31]} 49. Ne3 {[%clk 0:29:17]}
49... Rf4+ {[%clk 0:27:55]} 50. Kd3 {[%clk 0:29:43]} 50... Be4+ {[%clk 0:28:08]
} 51. Ke2 {[%clk 0:29:55]} 51... g4 {[%clk 0:26:03]} 52. Rc1 {[%clk 0:28:05]}
52... Kg5 {[%clk 0:25:52]} 53. Rg1 {[%clk 0:27:27]} 53... Bf3+ {[%clk 0:26:17]}
54. Kf2 {[%clk 0:27:09]} 54... Ra4 {[%clk 0:26:38]} 55. Rc1 {[%clk 0:26:59]}
55... Kf4 {[%clk 0:26:21]} 56. Ng2+ {[%clk 0:27:23]} 56... Bxg2 {[%clk 0:26:36]
} 57. Kxg2 {[%clk 0:27:49]} 57... Ra2+ {[%clk 0:27:04]} 58. Kf1 {[%clk 0:28:10]
} 58... f5 {[%clk 0:27:23]} 59. Rc4+ {[%clk 0:28:25]} 59... Kg3 {[%clk 0:27:30]
} 60. Rc3+ {[%clk 0:28:45]} 60... Kh2 {[%clk 0:27:03]} 61. Rc8 {[%clk 0:28:22]}
61... f4 {[%clk 0:27:25]} 62. Rg8 {[%clk 0:28:42]} 62... Kg3 {[%clk 0:27:30]}
63. Rb8 {[%clk 0:29:01]} 63... f3 {[%clk 0:27:48]} 64. Rb1 {[%clk 0:29:22]}
64... Rh2 {[%clk 0:28:13]} 0-1

[Event "DEM U16 2018"]
[Site "Willingen GER"]
[Date "2018.05.24"]
[Round "7"]
[White "Zimmer, Raphael"]
[Black "Stork, Oliver"]
[Result "1-0"]
[Termination "normal"]
[Board "8"]
[WhiteTitle "FM"]
[WhiteElo "2146"]
[BlackElo "2195"]
[WhiteClock "01:01:14"]
[BlackClock "00:30:52"]
[PlyCount "120"]
[WhiteFideId "12978841"]
[BlackFideId "12955728"]
[EventCountry "GER"]
[EventRounds "9"]
[EventType "swiss"]
[EventDate "2018.05.19"]

1. e4 {[%clk 1:30:59]} 1... c6 {[%clk 1:30:54]} 2. c4 {[%clk 1:31:10]} 2... d5
{[%clk 1:31:17]} 3. exd5 {[%clk 1:31:31]} 3... cxd5 {[%clk 1:31:39]} 4. cxd5 {
[%clk 1:31:53]} 4... Nf6 {[%clk 1:32:02]} 5. Qa4+ {[%clk 1:32:10]} 5... Nbd7 {
[%clk 1:32:21]} 6. Nc3 {[%clk 1:32:28]} 6... g6 {[%clk 1:32:32]} 7. Nf3 { [%clk
1:32:42]} 7... Bg7 {[%clk 1:32:49]} 8. Bc4 {[%clk 1:33:01]} 8... a6 { [%clk
1:32:45]} 9. d3 {[%clk 1:33:07]} 9... O-O {[%clk 1:32:53]} 10. Qa3 { [%clk
1:33:17]} 10... b6 {[%clk 1:31:45]} 11. O-O {[%clk 1:33:18]} 11... Bb7 { [%clk
1:31:57]} 12. Re1 {[%clk 1:32:49]} 12... Re8 {[%clk 1:31:57]} 13. Be3 { [%clk
1:32:16]} 13... b5 {[%clk 1:14:48]} 14. Bb3 {[%clk 1:32:26]} 14... Nb6 { [%clk
1:00:29]} 15. d6 {[%clk 1:31:03]} 15... exd6 {[%clk 0:56:17]} 16. Bf4 { [%clk
1:29:38]} 16... Rxe1+ {[%clk 0:36:00]} 17. Rxe1 {[%clk 1:29:55]} 17... Nfd5
{[%clk 0:36:07]} 18. Bxd6 {[%clk 1:25:39]} 18... Qd7 {[%clk 0:14:10]} 19. Nxd5
{[%clk 1:10:53]} 19... Nxd5 {[%clk 0:12:40]} 20. d4 {[%clk 1:05:43]} 20... a5
{[%clk 0:11:51]} 21. Bxd5 {[%clk 1:04:34]} 21... Bxd5 {[%clk 0:12:17]} 22. Re7
{[%clk 1:00:43]} 22... Qc6 {[%clk 0:10:23]} 23. Bc5 {[%clk 0:56:47]} 23... b4
{[%clk 0:09:09]} 24. Qd3 {[%clk 0:54:21]} 24... Bxa2 {[%clk 0:06:59]} 25. Re1
{[%clk 0:45:00]} 25... Be6 {[%clk 0:06:34]} 26. Qd2 {[%clk 0:37:13]} 26... Qd5
{[%clk 0:05:43]} 27. Ra1 {[%clk 0:35:43]} 27... Bg4 {[%clk 0:05:22]} 28. Ne1
{[%clk 0:35:46]} 28... Bf5 {[%clk 0:04:26]} 29. Qf4 {[%clk 0:35:09]} 29... Qb3
{[%clk 0:03:42]} 30. g4 {[%clk 0:30:44]} 30... Bc8 {[%clk 0:02:47]} 31. Qe4
{[%clk 0:30:45]} 31... Bb7 {[%clk 0:01:43]} 32. Qxb7 {[%clk 0:31:03]} 32... Re8
{[%clk 0:02:04]} 33. Qd7 {[%clk 0:28:09]} 33... Rb8 {[%clk 0:02:06]} 34. Kg2 {
[%clk 0:27:19]} 34... Qxb2 {[%clk 0:01:12]} 35. Rxa5 {[%clk 0:27:36]} 35... Qe2
{[%clk 0:00:51]} 36. Ra7 {[%clk 0:26:04]} 36... Qe4+ {[%clk 0:01:12]} 37. Nf3 {
[%clk 0:26:21]} 37... Qe6 {[%clk 0:00:46]} 38. Qxe6 {[%clk 0:26:27]} 38... fxe6
{[%clk 0:01:12]} 39. Ra2 {[%clk 0:26:43]} 39... b3 {[%clk 0:01:08]} 40. Rb2 {
[%clk 0:27:05]} 40... Rb5 {[%clk 0:01:15]} 41. Rb1 {[%clk 0:26:36]} 41... e5 {
[%clk 0:01:36]} 42. Ba3 {[%clk 0:25:35]} 42... exd4 {[%clk 0:01:32]} 43. Nd2 {
[%clk 0:25:53]} 43... Bh6 {[%clk 0:29:12]} 44. Rxb3 {[%clk 0:56:30]} 44... Rxb3
{[%clk 0:27:16]} 45. Nxb3 {[%clk 0:56:51]} 45... d3 {[%clk 0:27:31]} 46. Bb4 {
[%clk 0:57:13]} 46... Bf4 {[%clk 0:27:18]} 47. Bd2 {[%clk 0:57:33]} 47... Bd6 {
[%clk 0:27:40]} 48. Nc1 {[%clk 0:57:54]} 48... h5 {[%clk 0:28:01]} 49. gxh5 {
[%clk 0:58:11]} 49... gxh5 {[%clk 0:28:24]} 50. Nxd3 {[%clk 0:58:33]} 50... Kg7
{[%clk 0:28:47]} 51. h3 {[%clk 0:58:30]} 51... Kf6 {[%clk 0:28:53]} 52. f4 {
[%clk 0:58:50]} 52... Kf5 {[%clk 0:29:13]} 53. Kf3 {[%clk 0:59:13]} 53... Bb8 {
[%clk 0:29:14]} 54. Nf2 {[%clk 0:59:28]} 54... Bd6 {[%clk 0:29:35]} 55. Ne4 {
[%clk 0:59:43]} 55... Bf8 {[%clk 0:29:28]} 56. Ng3+ {[%clk 1:00:03]} 56... Kg6
{[%clk 0:29:53]} 57. f5+ {[%clk 1:00:18]} 57... Kf6 {[%clk 0:30:18]} 58. Ke4 {
[%clk 1:00:34]} 58... h4 {[%clk 0:30:36]} 59. Nh5+ {[%clk 1:00:55]} 59... Kf7 {
[%clk 0:30:52]} 60. Kf3 {[%clk 1:01:14]} 60... Bb4 1-0

[Event "DEM U16 2018"]
[Site "Willingen GER"]
[Date "2018.05.24"]
[Round "7"]
[White "Holinka, Henning"]
[Black "Köhler, Lukas"]
[Result "0-1"]
[Termination "normal"]
[Board "9"]
[WhiteElo "2185"]
[BlackElo "1852"]
[WhiteClock "00:01:27"]
[BlackClock "00:01:30"]
[PlyCount "84"]
[WhiteFideId "12967084"]
[BlackFideId "16221990"]
[EventCountry "GER"]
[EventRounds "9"]
[EventType "swiss"]
[EventDate "2018.05.19"]

1. e4 {[%clk 1:30:56]} 1... c6 {[%clk 1:30:55]} 2. d4 {[%clk 1:31:21]} 2... d5
{[%clk 1:31:22]} 3. Nc3 {[%clk 1:31:42]} 3... dxe4 {[%clk 1:31:50]} 4. Nxe4 {
[%clk 1:32:05]} 4... Nf6 {[%clk 1:32:15]} 5. Nxf6+ {[%clk 1:32:29]} 5... exf6 {
[%clk 1:32:39]} 6. c3 {[%clk 1:32:27]} 6... Bd6 {[%clk 1:33:00]} 7. Bd3 { [%clk
1:32:00]} 7... O-O {[%clk 1:30:51]} 8. Ne2 {[%clk 1:29:57]} 8... Re8 { [%clk
1:30:58]} 9. Qc2 {[%clk 1:27:51]} 9... g6 {[%clk 1:30:09]} 10. Be3 { [%clk
1:22:48]} 10... Nd7 {[%clk 1:26:00]} 11. h4 {[%clk 1:19:15]} 11... f5 { [%clk
1:19:59]} 12. h5 {[%clk 1:17:50]} 12... Nf6 {[%clk 1:18:58]} 13. hxg6 { [%clk
1:15:44]} 13... fxg6 {[%clk 1:17:05]} 14. O-O-O {[%clk 1:11:38]} 14... Ng4
{[%clk 1:08:54]} 15. Nf4 {[%clk 1:03:28]} 15... Nxe3 {[%clk 1:02:16]} 16. fxe3
{[%clk 1:03:16]} 16... Bxf4 {[%clk 0:55:42]} 17. exf4 {[%clk 1:01:20]} 17...
Be6 {[%clk 0:42:59]} 18. g4 {[%clk 0:53:56]} 18... Qc7 {[%clk 0:34:46]} 19.
Rdf1 {[%clk 0:31:34]} 19... Rf8 {[%clk 0:30:38]} 20. g5 {[%clk 0:23:43]} 20...
b5 {[%clk 0:25:29]} 21. Kb1 {[%clk 0:21:03]} 21... Qf7 {[%clk 0:24:50]} 22. b3
{[%clk 0:20:13]} 22... a5 {[%clk 0:22:20]} 23. Re1 {[%clk 0:17:50]} 23... a4
{[%clk 0:17:55]} 24. b4 {[%clk 0:16:57]} 24... Bd5 {[%clk 0:16:21]} 25. Rh3
{[%clk 0:16:10]} 25... Rfe8 {[%clk 0:15:28]} 26. Re5 {[%clk 0:07:34]} 26...
Rxe5 {[%clk 0:14:21]} 27. dxe5 {[%clk 0:06:53]} 27... Rd8 {[%clk 0:14:24] } 28.
Re3 {[%clk 0:05:05]} 28... Qe6 {[%clk 0:13:41]} 29. Qe2 {[%clk 0:02:23]} 29...
Rd7 {[%clk 0:12:36]} 30. Ka1 {[%clk 0:02:27]} 30... Kg7 {[%clk 0:08:00]} 31.
Rh3 {[%clk 0:01:39]} 31... Kg8 {[%clk 0:06:42]} 32. Qf2 {[%clk 0:00:56]} 32...
a3 {[%clk 0:01:33]} 33. Bb1 {[%clk 0:00:54]} 33... Be4 {[%clk 0:01:13]} 34.
Bxe4 {[%clk 0:00:40]} 34... fxe4 {[%clk 0:01:43]} 35. Rh1 {[%clk 0:01:00]}
35... Qc4 {[%clk 0:01:38]} 36. Qc2 {[%clk 0:00:40]} 36... e3 {[%clk 0:01:36]}
37. e6 {[%clk 0:00:39]} 37... Qxe6 {[%clk 0:01:05]} 38. Kb1 {[%clk 0:00:39]}
38... Rd2 {[%clk 0:00:50]} 39. Qb3 {[%clk 0:01:04]} 39... Rb2+ {[%clk 0:01:10]}
40. Qxb2 {[%clk 0:01:25]} 40... axb2 {[%clk 0:01:34]} 41. Kxb2 {[%clk 0:01:02]}
41... e2 {[%clk 0:01:50]} 42. Re1 {[%clk 0:01:27]} 42... Qe4 {[%clk 0:01:30]}
0-1

[Event "DEM U16 2018"]
[Site "Willingen GER"]
[Date "2018.05.24"]
[Round "7"]
[White "Hoffmann, Lennard"]
[Black "Wensing, Maximilian"]
[Result "1-0"]
[Termination "normal"]
[Board "10"]
[WhiteElo "2013"]
[BlackElo "2088"]
[WhiteClock "00:33:01"]
[BlackClock "00:26:27"]
[PlyCount "51"]
[WhiteFideId "12943495"]
[BlackFideId "16222415"]
[EventCountry "GER"]
[EventRounds "9"]
[EventType "swiss"]
[EventDate "2018.05.19"]

1. e4 {[%clk 1:30:58]} 1... c5 {[%clk 1:30:53]} 2. Nf3 {[%clk 1:31:21]} 2... d6
{[%clk 1:31:17]} 3. d4 {[%clk 1:31:46]} 3... cxd4 {[%clk 1:31:43]} 4. Nxd4 {
[%clk 1:32:09]} 4... Nf6 {[%clk 1:32:07]} 5. Nc3 {[%clk 1:32:26]} 5... a6 {
[%clk 1:32:31]} 6. Be3 {[%clk 1:31:53]} 6... e5 {[%clk 1:32:27]} 7. Nb3 { [%clk
1:32:15]} 7... Be6 {[%clk 1:32:49]} 8. f4 {[%clk 1:32:05]} 8... Qc7 { [%clk
1:22:22]} 9. f5 {[%clk 1:31:35]} 9... Bc4 {[%clk 1:22:18]} 10. Qf3 { [%clk
1:31:24]} 10... b5 {[%clk 1:19:32]} 11. a3 {[%clk 1:15:41]} 11... Nbd7 { [%clk
1:12:24]} 12. g4 {[%clk 1:14:04]} 12... h6 {[%clk 1:07:28]} 13. O-O-O { [%clk
0:58:29]} 13... Bxb3 {[%clk 0:59:55]} 14. cxb3 {[%clk 0:58:45]} 14... Rc8
{[%clk 0:59:30]} 15. Kb1 {[%clk 0:58:00]} 15... Qb7 {[%clk 0:58:57]} 16. Nd5 {
[%clk 0:53:02]} 16... Nxd5 {[%clk 0:58:18]} 17. exd5 {[%clk 0:51:00]} 17... Be7
{[%clk 0:56:34]} 18. h4 {[%clk 0:48:34]} 18... Bd8 {[%clk 0:49:03]} 19. Bd3 {
[%clk 0:42:24]} 19... Bb6 {[%clk 0:48:17]} 20. Bc1 {[%clk 0:38:51]} 20... Kd8 {
[%clk 0:36:23]} 21. g5 {[%clk 0:35:52]} 21... hxg5 {[%clk 0:33:34]} 22. Bxg5+ {
[%clk 0:34:23]} 22... Kc7 {[%clk 0:27:25]} 23. Rc1+ {[%clk 0:32:25]} 23... Kb8
{[%clk 0:27:53]} 24. Rc6 {[%clk 0:32:37]} 24... Rxc6 {[%clk 0:26:00]} 25. dxc6
{[%clk 0:32:56]} 25... Qa8 {[%clk 0:26:27]} 26. Be4 {[%clk 0:33:01]} 1-0

[Event "DEM U16 2018"]
[Site "Willingen GER"]
[Date "2018.05.24"]
[Round "7"]
[White "Nöldner, Julian"]
[Black "Bosselmann, Tom Linus"]
[Result "1-0"]
[Termination "normal"]
[Board "11"]
[WhiteElo "1982"]
[BlackElo "2082"]
[WhiteClock "00:13:36"]
[BlackClock "00:08:48"]
[PlyCount "87"]
[WhiteFideId "16218744"]
[BlackFideId "12983845"]
[EventCountry "GER"]
[EventRounds "9"]
[EventType "swiss"]
[EventDate "2018.05.19"]

1. e4 {[%clk 1:30:54]} 1... c5 {[%clk 1:30:52]} 2. Nf3 {[%clk 1:31:18]} 2... e6
{[%clk 1:30:48]} 3. d4 {[%clk 1:31:11]} 3... cxd4 {[%clk 1:31:12]} 4. Nxd4 {
[%clk 1:31:37]} 4... a6 {[%clk 1:31:12]} 5. Bd3 {[%clk 1:31:40]} 5... Qb6 {
[%clk 1:31:21]} 6. Nb3 {[%clk 1:28:26]} 6... Qc7 {[%clk 1:31:45]} 7. O-O {
[%clk 1:27:53]} 7... Nf6 {[%clk 1:31:26]} 8. Qe2 {[%clk 1:26:26]} 8... d6 {
[%clk 1:31:37]} 9. Be3 {[%clk 1:25:41]} 9... Be7 {[%clk 1:31:48]} 10. c4 {
[%clk 1:24:26]} 10... Nbd7 {[%clk 1:31:52]} 11. f4 {[%clk 1:24:19]} 11... O-O {
[%clk 1:31:13]} 12. Nc3 {[%clk 1:24:08]} 12... b6 {[%clk 1:31:17]} 13. Rac1 {
[%clk 1:18:53]} 13... Bb7 {[%clk 1:30:37]} 14. g4 {[%clk 1:17:02]} 14... Rfb8 {
[%clk 1:10:33]} 15. g5 {[%clk 1:08:36]} 15... Ne8 {[%clk 1:10:57]} 16. h4 {
[%clk 1:08:50]} 16... Nf8 {[%clk 1:06:18]} 17. h5 {[%clk 1:02:18]} 17... Bc6 {
[%clk 0:48:25]} 18. Qg4 {[%clk 0:45:34]} 18... Qd7 {[%clk 0:44:03]} 19. Nd4 {
[%clk 0:42:25]} 19... Bb7 {[%clk 0:39:15]} 20. Qg3 {[%clk 0:31:12]} 20... Bd8 {
[%clk 0:19:51]} 21. Bc2 {[%clk 0:29:42]} 21... Bc7 {[%clk 0:15:47]} 22. Ba4 {
[%clk 0:27:23]} 22... Qd8 {[%clk 0:15:25]} 23. Qg4 {[%clk 0:27:15]} 23... Rc8 {
[%clk 0:13:08]} 24. f5 {[%clk 0:25:30]} 24... e5 {[%clk 0:13:11]} 25. Nc6 {
[%clk 0:24:07]} 25... Bxc6 {[%clk 0:13:32]} 26. Bxc6 {[%clk 0:24:34]} 26...
Rab8 {[%clk 0:13:53]} 27. f6 {[%clk 0:23:37]} 27... Ne6 {[%clk 0:11:19]} 28.
Nd5 {[%clk 0:22:21]} 28... b5 {[%clk 0:10:46]} 29. cxb5 {[%clk 0:21:39]} 29...
axb5 {[%clk 0:11:14]} 30. Ne7+ {[%clk 0:21:55]} 30... Kf8 {[%clk 0:10:41]} 31.
Nxc8 {[%clk 0:20:23]} 31... Rxc8 {[%clk 0:11:00]} 32. fxg7+ {[%clk 0:16:41]}
32... Kxg7 {[%clk 0:11:05]} 33. g6 {[%clk 0:16:17]} 33... Nf6 {[%clk 0:10:44]}
34. h6+ {[%clk 0:16:40]} 34... Kh8 {[%clk 0:10:39]} 35. g7+ {[%clk 0:17:00]}
35... Kg8 {[%clk 0:11:04]} 36. Qf5 {[%clk 0:17:24]} 36... Bb6 {[%clk 0:11:07]}
37. Bxb6 {[%clk 0:17:26]} 37... Qxb6+ {[%clk 0:11:31]} 38. Kh1 {[%clk 0:17:48]}
38... Qe3 {[%clk 0:11:51]} 39. Rc3 {[%clk 0:14:51]} 39... Qxh6+ {[%clk 0:11:12]
} 40. Rh3 {[%clk 0:15:16]} 40... Qd2 {[%clk 0:11:11]} 41. Rxh7 {[%clk 0:12:43]}
41... Nf4 {[%clk 0:08:15]} 42. Qxc8+ {[%clk 0:12:49]} 42... Kxh7 { [%clk
0:08:19]} 43. Qh8+ {[%clk 0:13:14]} 43... Kg6 {[%clk 0:08:48]} 44. Rg1+ { [%clk
0:13:36]} 1-0

[Event "DEM U16 2018"]
[Site "Willingen GER"]
[Date "2018.05.24"]
[Round "7"]
[White "Lange, Jannis"]
[Black "Recktenwald, Cedric"]
[Result "1-0"]
[Termination "normal"]
[Board "12"]
[WhiteElo "1919"]
[BlackElo "1826"]
[WhiteClock "00:02:23"]
[BlackClock "00:02:16"]
[PlyCount "101"]
[WhiteFideId "12993107"]
[BlackFideId "12971928"]
[EventCountry "GER"]
[EventRounds "9"]
[EventType "swiss"]
[EventDate "2018.05.19"]

1. e4 {[%clk 1:30:57]} 1... c6 {[%clk 1:30:55]} 2. Nc3 {[%clk 1:30:58]} 2... d5
{[%clk 1:31:08]} 3. Qe2 {[%clk 1:30:46]} 3... d4 {[%clk 1:30:13]} 4. Nd1 {
[%clk 1:30:57]} 4... c5 {[%clk 1:29:53]} 5. f4 {[%clk 1:26:40]} 5... Nc6 {
[%clk 1:26:29]} 6. Nf3 {[%clk 1:25:06]} 6... Qc7 {[%clk 1:24:18]} 7. d3 { [%clk
1:23:42]} 7... e5 {[%clk 1:24:17]} 8. g3 {[%clk 1:22:54]} 8... Bd6 { [%clk
1:24:14]} 9. f5 {[%clk 1:22:17]} 9... Nf6 {[%clk 1:21:54]} 10. Bg2 { [%clk
1:17:26]} 10... Bd7 {[%clk 1:19:16]} 11. O-O {[%clk 1:15:55]} 11... O-O-O
{[%clk 1:18:32]} 12. Nf2 {[%clk 1:14:41]} 12... b5 {[%clk 1:13:47]} 13. g4 {
[%clk 1:11:30]} 13... Na5 {[%clk 1:04:36]} 14. Bd2 {[%clk 0:50:23]} 14... Nb7 {
[%clk 0:57:03]} 15. g5 {[%clk 0:39:23]} 15... Ng8 {[%clk 0:49:07]} 16. Ng4 {
[%clk 0:37:46]} 16... f6 {[%clk 0:27:19]} 17. gxf6 {[%clk 0:32:01]} 17... Nxf6
{[%clk 0:25:16]} 18. Ng5 {[%clk 0:16:22]} 18... Rde8 {[%clk 0:20:09]} 19. h3 {
[%clk 0:13:07]} 19... Nd8 {[%clk 0:17:33]} 20. Nf3 {[%clk 0:10:53]} 20... Bc6 {
[%clk 0:11:52]} 21. Nfh2 {[%clk 0:10:23]} 21... Ref8 {[%clk 0:09:20]} 22. Rf2 {
[%clk 0:06:30]} 22... Kb8 {[%clk 0:07:40]} 23. Raf1 {[%clk 0:06:47]} 23... Rf7
{[%clk 0:04:05]} 24. Nxf6 {[%clk 0:05:20]} 24... gxf6 {[%clk 0:04:28]} 25. Bf3
{[%clk 0:04:47]} 25... Be8 {[%clk 0:03:52]} 26. Kh1 {[%clk 0:04:01]} 26... c4 {
[%clk 0:03:24]} 27. Bh6 {[%clk 0:02:44]} 27... Qa5 {[%clk 0:01:21]} 28. a3 {
[%clk 0:01:44]} 28... Bf8 {[%clk 0:01:00]} 29. Bxf8 {[%clk 0:01:50]} 29...
Rhxf8 {[%clk 0:01:05]} 30. dxc4 {[%clk 0:01:56]} 30... Nb7 {[%clk 0:00:39]} 31.
Bh5 {[%clk 0:01:54]} 31... Rc7 {[%clk 0:00:58]} 32. Bxe8 {[%clk 0:02:08]} 32...
Rxe8 33. cxb5 {[%clk 0:02:16]} 33... Nd6 {[%clk 0:01:13]} 34. Ng4 { [%clk
0:02:00]} 34... Rf8 {[%clk 0:01:14]} 35. Rf3 {[%clk 0:01:29]} 35... Nc4 { [%clk
0:00:55]} 36. c3 {[%clk 0:01:14]} 36... h5 {[%clk 0:00:40]} 37. Nf2 { [%clk
0:01:26]} 37... Ne3 {[%clk 0:00:33]} 38. Rg1 {[%clk 0:01:17]} 38... Rd8 { [%clk
0:00:48]} 39. Qd3 {[%clk 0:00:58]} 39... Nc4 {[%clk 0:00:36]} 40. Rfg3 { [%clk
0:00:51]} 40... Nxb2 {[%clk 0:00:54]} 41. Qb1 {[%clk 0:01:03]} 41... dxc3
{[%clk 0:29:51]} 42. Nd3 {[%clk 0:16:30]} 42... Nc4 {[%clk 0:14:01]} 43. Nb4 {
[%clk 0:12:40]} 43... Nxa3 {[%clk 0:13:55]} 44. Qb3 {[%clk 0:02:47]} 44... Nxb5
{[%clk 0:14:10]} 45. Nd5 {[%clk 0:02:54]} 45... Rb7 {[%clk 0:07:11]} 46. Rg8 {
[%clk 0:02:18]} 46... Ka8 {[%clk 0:03:25]} 47. Qc4 {[%clk 0:02:08]} 47... Rbb8
{[%clk 0:02:22]} 48. Qc6+ {[%clk 0:02:23]} 48... Rb7 {[%clk 0:02:45]} 49. Qxf6
{[%clk 0:01:50]} 49... Rbd7 {[%clk 0:01:51]} 50. Qc6+ {[%clk 0:02:09]} 50...
Kb8 {[%clk 0:02:16]} 51. Qxd7 {[%clk 0:02:23]} 1-0